Look to the stars. (Record no. 2954)
[ view plain ]
| 000 -LEADER | |
|---|---|
| fixed length control field | 00585cam a22002171 4500 |
| 001 - CONTROL NUMBER | |
| control field | 7937243 |
| 003 - CONTROL NUMBER IDENTIFIER | |
| control field | GBCCL |
| 005 - DATE AND TIME OF LATEST TRANSACTION | |
| control field | 20241126110444.0 |
| 008 - FIXED-LENGTH DATA ELEMENTS--GENERAL INFORMATION | |
| fixed length control field | 750714s1957 mau 000 1 eng |
| 010 ## - | |
| -- | 57006441 |
| 035 ## - SYSTEM CONTROL NUMBER | |
| System control number | (OCoLC)1446634 |
| 040 ## - CATALOGING SOURCE | |
| Original cataloging agency | DLC |
| Transcribing agency | FO |
| Modifying agency | OCoLC |
| -- | DLC |
| 050 00 - | |
| -- | PZ3.L8938 |
| -- | Ln |
| -- | PS3523.O645 |
| 082 ## - DEWEY DECIMAL CLASSIFICATION NUMBER | |
| Classification number | 813.54 |
| Item number | LOR |
| 100 1# - MAIN ENTRY--PERSONAL NAME | |
| Personal name | Loring, Emilie Baker. |
| 9 (RLIN) | 5665 |
| 245 10 - TITLE STATEMENT | |
| Title | Look to the stars. |
| 260 ## - PUBLICATION, DISTRIBUTION, ETC. | |
| Place of publication, distribution, etc. | Newyork , |
| Name of publisher, distributor, etc. | Bantam books |
| Date of publication, distribution, etc. | 1964, [1957] |
| 300 ## - PHYSICAL DESCRIPTION | |
| Extent | 171 p. |
| Dimensions | 20 cm. |
| 906 ## - LOCAL DATA ELEMENT F, LDF (RLIN) | |
| a | 7 |
| b | cbc |
| c | oclcrpl |
| d | u |
| e | ncip |
| f | 19 |
| g | y-gencatlg |
| 942 ## - ADDED ENTRY ELEMENTS (KOHA) | |
| Source of classification or shelving scheme | Dewey Decimal Classification |
| Koha item type | Books |
| Withdrawn status | Lost status | Source of classification or shelving scheme | Damaged status | Not for loan | Home library | Current Library | Shelving location | Date acquired | Total checkouts | Full call number | Barcode | Date last seen | Copy number | Price effective from | Koha item type |
|---|---|---|---|---|---|---|---|---|---|---|---|---|---|---|---|
| Dewey Decimal Classification | GRACE BIBLE COLLEGE | GRACE BIBLE COLLEGE | General Studies | 2017-10-10 | 813.54 LOR | 009692 | 2025-05-01 | c.1 | 2017-10-10 | Books |